| 000 -LEADER |
| fixed length control field |
00552cam a22001577a 4500 |
| 008 - FIXED-LENGTH DATA ELEMENTS--GENERAL INFORMATION |
| fixed length control field |
180718b2013 xxu||||| |||| 00| 0 eng d |
| 020 ## - INTERNATIONAL STANDARD BOOK NUMBER |
| International Standard Book Number |
9789378313196 |
| 082 ## - DEWEY DECIMAL CLASSIFICATION NUMBER |
| Classification number |
B136x5413 R616 |
| 100 ## - MAIN ENTRY--PERSONAL NAME |
| Personal name |
Rodgers Gerry, Datta Amrita, |
| 245 ## - TITLE STATEMENT |
| Title |
The Challenge of Inclusive Development in Rural Bihar |
| Statement of responsibility, etc. |
By Gerry Rodgers, Amrita Datta,Janine Rodges et. al. |
| 260 ## - PUBLICATION, DISTRIBUTION, ETC. |
| Place of publication, distribution, etc. |
New Delhi |
| Name of publisher, distributor, etc. |
IHD |
| Date of publication, distribution, etc. |
2013 |
| 300 ## - PHYSICAL DESCRIPTION |
| Extent |
273p. |
| 650 ## - SUBJECT ADDED ENTRY--TOPICAL TERM |
| Topical term or geographic name entry element |
Bihar (India) -- Economic policy |
| 650 ## - SUBJECT ADDED ENTRY--TOPICAL TERM |
| Topical term or geographic name entry element |
Bihar (India) -- Economic conditions |
| 650 ## - SUBJECT ADDED ENTRY--TOPICAL TERM |
| Topical term or geographic name entry element |
Rural development -- India -- Bihar |